Pohyblivý svátek

Bibliographic Details
Main Author: Hemingway, Ernest, 1899-1961 (Author)
Format: Book
Language:Undetermined
PhysicalDescription:202 s.
Published: Praha Odeon 1966

MARC

LEADER 00000nam a2200000 a 4500
001 vtls001388296
003 SK-MaSNL
005 20260302000857.0
008 240314s1966 xx 0 und
035 |a SNK000342521 
040 |a SNK  |b slo  |c SNK  |e AACR2 
100 1 |a Hemingway, Ernest,  |d 1899-1961  |4 aut  |9 205167 
245 1 0 |a Pohyblivý svátek 
260 |a Praha  |b Odeon  |c 1966 
300 |a 202 s. 
958 |a OND 
999 |c 981513  |d 983443 
952 |t P60, <05>, [BOOK], {605}  |a SNK  |b SNK  |y PREZ  |7 0  |p 17A0238442  |o snkIE 3147 D1  |0 0  |1 1  |4 0  |d 2000-05-05  |l 0  |r 2005-01-02 00:00:00  |w 2026-02-24 
952 |t P60, <05>, [BOOK], {605}  |a SNK  |b SNK  |y PREZ  |7 0  |p 17A0323491  |o snkIE 3147  |0 0  |1 0  |4 0  |d 2001-11-30  |l 0  |r 2005-01-02 00:00:00  |w 2026-02-24